000 00489nam a22001817a 4500
999 _c102251
_d102251
005 20230516123556.0
010 _aENG-115742
020 _a9789350571
_c108.00
035 _aEN-99274
037 _bDBAD/PUB
082 _a509.2
100 _aAlankrita
245 _a 71 Famous Scientists/
260 _aNew Delhi
_bV & S Publishers
_c2013
270 _aF-2/16 Ansari Road,Daryaganj
_bNew Delhi
_e110002
300 _a152p.
_c23cm(pbk)
942 _2ddc
_cEN
_h509.2
_mGRE